Memoriales y cartas del Conde duque de Olivares/ (Record no. 98652)

MARC details
000 -LEADER
campo de control de longitud fija 02188nam a2200505 i 4500
001 - NÚMERO DE CONTROL
campo de control MOR01000098979
003 - IDENTIFICADOR DE NÚMERO DE CONTROL
campo de control $$amxdfmo
005 - FECHA Y HORA DE LA ÚLTIMA TRANSACCIÓN
campo de control 20260331150124.0
008 - DATOS DE LONGITUD FIJA--INFORMACIÓN GENERAL
campo de control de longitud fija 140710m19781981sp g bi 001 0 spa d
020 ## - NÚMERO INTERNACIONAL ESTÁNDAR DEL LIBRO
Número Internacional Estándar del Libro 9788415963110 (edición completa)
020 ## - NÚMERO INTERNACIONAL ESTÁNDAR DEL LIBRO
Número Internacional Estándar del Libro 9788415963127 (volumen 1)
035 ## - NÚMERO DE CONTROL DEL SISTEMA
Número de control de sistema 140787
040 ## - FUENTE DE CATALOGACIÓN
Centro catalogador/agencia de origen mxcmmo
Lengua de catalogación spa
Centro/agencia transcriptor mxcmmo
Normas de descripción rda
041 0# - CÓDIGO DE IDIOMA
Código de lengua del texto/banda sonora o título independiente spa
043 ## - CÓDIGO DE ÁREA GEOGRÁFICA
Código de área geográfica e-sp---
045 ## - PERIODO DE TIEMPO DEL CONTENIDO
Código de periodo de tiempo t8u4
082 04 - NÚMERO DE LA CLASIFICACIÓN DECIMAL DEWEY
Número de clasificación 946.054
Número de ítem OLI.m
100 1# - ENTRADA PRINCIPAL--NOMBRE DE PERSONA
Nombre de persona Olivares, Gaspar de Guzmán
Títulos y otros términos asociados al nombre conde-duque de
Fechas asociadas al nombre 1587-1645
9 (RLIN) 120774,
Término indicativo de función/relación autor
245 10 - MENCIÓN DEL TÍTULO
Título Memoriales y cartas del Conde duque de Olivares/
Mención de responsabilidad, etc. Conde Duque de Olivares ; edición de John H. Elliott y José F. de la Peña ; nueva edición ampliada, anotada y revisada por John H. Elliott y Fernando Negredo del Cerro
250 ## - MENCION DE EDICION
Mención de edición Nueva edición ampliada, anotada y revisada
264 #1 - PRODUCCIÓN, PUBLICACIÓN, DISTRIBUCIÓN, FABRICACIÓN Y COPYRIGHT
Producción, publicación, distribución, fabricación y copyright Madrid:
Nombre del de productor, editor, distribuidor, fabricante Centro de Estudios Europa Hispánica:
-- Marcial Pons Historia,
Fecha de producción, publicación, distribución, fabricación o copyright 2008
300 ## - DESCRIPCIÓN FÍSICA
Extensión volumenes;
Dimensiones 22 cm
336 ## - TIPO DE CONTENIDO
Término de tipo de contenido texto
Código de tipo de contenido txt
Fuente rdacontent
337 ## - TIPO DE MEDIO
Nombre/término del tipo de medio sin medio
Código del tipo de medio n
Fuente rdamedia
338 ## - TIPO DE SOPORTE
Nombre/término del tipo de soporte volumen
Código del tipo de soporte nc
Fuente rdacarrier
490 0# - MENCIÓN DE SERIE
Mención de serie Los hombres del Rey. Documentos
500 ## - NOTA GENERAL
Nota general La biblioteca cuenta únicamente con el volumen 1
504 ## - NOTA DE BIBLIOGRAFÍA, ETC.
Nota de bibliografía, etc. Nota Incluye referencias bibliográficas e índice
505 0# - NOTA DE CONTENIDO CON FORMATO
Nota de contenido con formato Contenido del Volumen 1: tomo 1, Política interior, 1621 a 1627. -- tomo 2. Política interior, 1627-1645
600 17 - PUNTO DE ACCESO ADICIONAL DE MATERIA--NOMBRE DE PERSONA
Nombre de persona Olivares, Gaspar de Guzman
Títulos y otros términos asociados al nombre conde-duque de
Fechas asociadas al nombre 1587-1645
Subdivisión general Correspondencia, etc
9 (RLIN) 173702
651 #7 - PUNTO DE ACCESO ADICIONAL DE MATERIA--NOMBRE GEOGRÁFICO
Nombre geográfico España
Subdivisión general Historia
Subdivisión cronológica Felipe IV, 1621-1665
Subdivisión general Fuentes
9 (RLIN) 173703
700 1# - ENTRADA AGREGADA--NOMBRE PERSONAL
Nombre de persona Elliott, John H.
Término indicativo de función/relación editor
9 (RLIN) 149841
700 1# - ENTRADA AGREGADA--NOMBRE PERSONAL
Nombre de persona Negredo del Cerro, Fernando
Término indicativo de función/relación editor
9 (RLIN) 173704
700 1# - ENTRADA AGREGADA--NOMBRE PERSONAL
Nombre de persona Peña, José Enrique de la
Fechas asociadas al nombre 1807-1842
Término indicativo de función/relación editor
9 (RLIN) 57901
710 2# - ENTRADA AGREGADA--NOMBRE DE ENTIDAD CORPORATIVA
Nombre de entidad corporativa o nombre de jurisdicción como elemento de entrada Centro de Estudios Europa Hispánica (Madrid, España)
9 (RLIN) 151528
900 ## - ELEMENTOS DE DATOS A LOCAL, LDA (RLIN)
Nombre de persona CATY
Numeración 30
Títulos y otros términos asociados al nombre 20140711
Lenguaje de la obra MOR01
-- 1008
900 ## - ELEMENTOS DE DATOS A LOCAL, LDA (RLIN)
Nombre de persona CATY
Numeración Verónica Silva
Títulos y otros términos asociados al nombre 20140710
Lenguaje de la obra MOR01
-- 1501
900 ## - ELEMENTOS DE DATOS A LOCAL, LDA (RLIN)
Nombre de persona KLAS
Numeración 30
Títulos y otros términos asociados al nombre 20140724
Lenguaje de la obra MOR01
-- 1211
900 ## - ELEMENTOS DE DATOS A LOCAL, LDA (RLIN)
Nombre de persona KLAS
Numeración 30
Títulos y otros términos asociados al nombre 20140724
Lenguaje de la obra MOR01
-- 1211
900 ## - ELEMENTOS DE DATOS A LOCAL, LDA (RLIN)
Nombre de persona LUIS
Numeración 02
Títulos y otros términos asociados al nombre 20140710
Lenguaje de la obra MOR01
-- 1047
900 ## - ELEMENTOS DE DATOS A LOCAL, LDA (RLIN)
Nombre de persona LUIS
Numeración 02
Títulos y otros términos asociados al nombre 20140710
Lenguaje de la obra MOR01
-- 1047
900 ## - ELEMENTOS DE DATOS A LOCAL, LDA (RLIN)
Nombre de persona VOBO
Numeración 40
Títulos y otros términos asociados al nombre 20140728
Lenguaje de la obra MOR01
-- 1052
904 ## - ELEMENTOS DE DATOS D LOCAL, LDD (RLIN)
a UPDATE
942 ## - ELEMENTOS DE ENTRADA SECUNDARIOS (KOHA)
Código de la institución [OBSOLETO] BK
901 ## - ELEMENTOS DE DATOS A LOCAL LDA (RLIN)
a batch batch
Holdings
Estatus retirado Estado de pérdida Fuente del sistema de clasificación o colocación Estado de daño No para préstamo Colección Biblioteca de origen Biblioteca actual Ubicación en estantería Fecha de adquisición Fuente de adquisición Número de inventario Total de préstamos Signatura topográfica completa Código de barras Visto por última vez Precio de reemplazo Tipo de ítem Koha
    Clasificación Decimal Dewey     Libros (General) Biblioteca Instituto Mora Biblioteca Instituto Mora Regular 11/07/2014   125675   (G)/946.054 OLI.m 33068001314978 03/09/2024 03/09/2024 Libro préstamo regular